| 000 | 00965cam a2200301 a 4500 | ||
|---|---|---|---|
| 001 | u7756 | ||
| 003 | SIRSI | ||
| 005 | 20180220094314.0 | ||
| 008 | 970803s1997 nyua b 001 0 eng d | ||
| 020 | _a0471116068 | ||
| 039 | 9 |
_y200203190947 _zload |
|
| 040 | _aEAL. | ||
| 050 |
_aSB611 _bR33 1997 |
||
| 100 | 1 | _aRadosevich, Steven. | |
| 245 | 1 | 0 |
_aWeed ecology : _bimplication for management / _cSteven Radosevich, Jodie Holt, Claudio Ghersa. |
| 250 | _a2nd ed. | ||
| 260 |
_aNew York : _bJohn Wiley & Sons, _cc1997. |
||
| 300 |
_axvi, 589 p. : _bill. ; _c25 cm. |
||
| 504 | _aIncludes bibliographical references (p. 535-568) and index. | ||
| 596 | _a1 | ||
| 650 | 0 |
_aWeeds _xEcology. |
|
| 650 | 0 |
_aWeeds _xControl. |
|
| 700 | 1 | 0 | _aHolt, Jodie. |
| 700 | 1 | 0 | _aGhersa, Claudio. |
| 942 |
_cBK _2lcc |
||
| 999 |
_c33580 _d33580 |
||